Technológia výroby materiálov v izostatickom lise = Technology of producing materials in isostatic press : Bakalárska práca

Na minha lista:
Detalhes bibliográficos
Autor principal: Rozbora, Peter (Author)
Outros Autores: Demian, Svetozár, 1953- (xxx)
Formato: Manuscrito Livro
Idioma:eslovaco
Publicado em: Trnava : STU v Bratislave MTF UMAT, 2009
Assuntos:
Tags: Adicionar Tag
Sem tags, seja o primeiro a adicionar uma tag!

MARC

LEADER 00000ntm a22000003a 4500
001 stu198025
005 20160719160135.6
008 100114s2009----xo------------------slo-d
040 |a STU  |b slo 
041 0 |a slo 
044 |a xo 
100 1 |a Rozbora, Peter  |4 aut 
245 1 |a Technológia výroby materiálov v izostatickom lise = Technology of producing materials in isostatic press :  |b Bakalárska práca 
260 |a Trnava :  |b STU v Bratislave MTF UMAT,  |c 2009 
300 |a 53 s  |c 1 CD-ROM 
500 |a Študijný program: technické materiály 
500 |a Študijný odbor: 5.2.26 materiály 
650 7 |a prášková metalurgia  |2 stusub 
650 7 |a izostatické lisovanie  |2 stusub 
700 1 |a Demian, Svetozár,  |d 1953-  |4 xxx  |u M1000  |U MTF Materiálovotechnologická fakulta  |T MTF Ústav materiálov  |X 253  |U M1000  |Y 81  |7 A000000253 
996 |b 284M072036  |c M*BP-4080  |l MMSKP  |s P  |a 0  |w stu198025_0001